K/S Lincoln and Ors v CB Richard Ellis Hotels Limited (Record no. 81943)

MARC details
000 -LEADER
fixed length control field 01813cad a22001935a 4500
001 - CONTROL NUMBER
control field E148751
008 - FIXED-LENGTH DATA ELEMENTS--GENERAL INFORMATION
fixed length control field 091104e20091002xxk v 000 0 eng d
035 ## - SYSTEM CONTROL NUMBER
System control number (Sirsi) u148751
041 0# - LANGUAGE CODE
Language code of text/sound track or separate title eng
245 00 - TITLE STATEMENT
Title K/S Lincoln and Ors v CB Richard Ellis Hotels Limited
Medium [electronic resource]
260 ## - PUBLICATION, DISTRIBUTION, ETC.
Date of publication, distribution, etc. 2009
520 ## - SUMMARY, ETC.
Summary, etc. [2009] EWHC 2344 (TCC) 2 October 2009. Involves a preliminary application by K/S Lincoln and others (L) to strike out part of CB Richard Ellis Hotels' (C) defence to a professional negligence claim against it, which contained an allegation of unlawful tax evasion against L. C had carried out valuations of hotels for L, which were special purpose vehicles established by a Danish company to buy hotels in England. L brought proceedings against C, claiming that due to their negligence L had paid too much for the hotels. In reponse, C argued that the price of the hotels had been uplifted by L by 8% to disguise the nature of the payments for tax evasion purposes. L claimed that the 8% was not disguised and that it was for associated costs. The Court cannot help someone who founds his cause of action on an immoral or illegal act, however the Court said that the the alleged fraud was too remote from C's alleged negligence to lead to the negligence claim being dismissed due to illegality. The Court set out how matter should proceed in the light of this, but did not decide on the striking-out application.
590 ## - LOCAL NOTE (RLIN)
Local note KA
650 24 - SUBJECT ADDED ENTRY--TOPICAL TERM
Topical term or geographic name entry element KS LINCOLN AND ORS V CB RICHARD ELLIS HOTELS LIMITED
651 #4 - SUBJECT ADDED ENTRY--GEOGRAPHIC NAME
Geographic name England and Wales
Chronological subdivision 1543-
690 ## - LOCAL SUBJECT ADDED ENTRY--TOPICAL TERM (OCLC, RLIN)
Topical term or geographic name as entry element PROPERTY-RESIDENTIAL PROPERTY-COMMUNAL RESIDENTIAL PROPERTY-COMMUNAL RESIDENTIAL FACILITIES-HOTELS
856 40 - ELECTRONIC LOCATION AND ACCESS
Uniform Resource Identifier <a href="https://www.bailii.org/ew/cases/EWHC/TCC/2009/2344.html">https://www.bailii.org/ew/cases/EWHC/TCC/2009/2344.html</a>
Public note View the judgement free of charge at www.bailii.org...
942 ## - ADDED ENTRY ELEMENTS (KOHA)
Suppress in OPAC 0
Holdings
Withdrawn status Lost status Source of classification or shelving scheme Damaged status Not for loan Home library Current library Shelving location Date acquired Total Checkouts Full call number Barcode Date last seen Copy number Price effective from Koha item type
    Dewey Decimal Classification     Virtual Virtual Online 04/11/2009   ONLINE PUBLICATION 148751-2001 06/08/2019 1 06/08/2019 Law report